Statistics for Guess the elections results!

Click here to take the quiz!

General Stats

  • This quiz has been taken 356 times
  • The average score is 5 of 15

Answer Stats

QuestionAnswer% Correct
2016 Brexit Referendum (Yes/No for the United Kingdom leaving the European Union)51.9% Yes - 48.1% No
60%
Emmanuel Macron vs Marine Le Pen (2nd round of 2017 French presidential election)66.1% Macron - 33.9% Le Pen
59%
Bill Clinton vs George H.W. Bush vs Ross Perot in the 1992 United States presidential elections.43.0% Clinton - 37.4% Bush - 18.9% Perot
50%
Donald Trump vs Hillary Clinton (2016 United States presidential election)46.1% Trump - 48.2% Clinton
50%
Vladimir Putin in the 2018 Russian presidential election76.7%
43%
JFK vs Richard Nixon (1960 United States presidential election)49.72% Kennedy - 49.55% Nixon
40%
2014 Scottish independence referendum (Yes/No for Scotland to become an independente country)44.7% Yes - 55.3% No
38%
Adolf Hitler (NSDAP Party) in the March 1933 German federal election, the last multi-party elections in Germany before WWII.43.9%
32%
Angela Merkel's CDU vs Martin Schulz's Social Democratic Party (SPD) in the 2017 German federal election32.9% Merkel - 20.5% Schulz
29%
Number of votes for Tokyo hosting the 2020 Olympic Games in the 125th IOC Session in 2013 (in the first round).Tokyo 42 - Madrid 26 - Istanbul 26
27%
Turnout of the 1927 Liberian general election, considered 'the most rigged ever' that Charles D.B. King officially won with 96% of votes.1680%
21%
Justin Trudeau (Liberal Party) vs Andrew Scheer (Conservative Party) in the 2019 Canada federal election33.1% Trudeau - 34.3% Scheer
21%
Independence as an option in the 2017 Puerto Rican status referendum.1.5%
15%
Best result of the Rhinoceros Party in Canada (1980), which campaigned for repelling the law of gravity, declaring the war on Belgium and banning butter1.01% (around 110,000 votes)
14%
Faroe Islands independence referendum in 1946 (Independence vs Continued union with Denmark)50.7% Independence - 49.3% Union
9%

Score Distribution

Percentile by Number Answered

Percent of People with Each Score

Your Score History

You have not taken this quiz